Avatar the Last Airbender Episodes by Opening Line(s) Quiz Stats

 Plays Quiz not verified by Sporcle

Challenge
Share
Tweet
Embed
Score 0/61 Timer 20:00
0 Plays Today
% Correct
1.3 The Southern Air Temple
79%
1.5 The King of Omashu
78%
2.13 The Drill
76.6%
3.5 The Beach
76.4%
3.7 The Runaway
76%
1.1 The Boy in the Iceberg
75.4%
2.3 Return to Omashu
74.3%
3.3 The Painted Lady
74.1%
2.11 The Desert
73.7%
2.8 The Chase
73.5%
2.9 Bitter Work
73.5%
3.6 The Avatar and the Firelord
72.1%
3.13 The Firebending Masters
71.3%
1.13 The Blue Spirit
69.7%
2.14 City of Walls and Secrets
69.1%
1.11 The Great Divide
68.5%
1.19 The Siege of the North Part 1
68.5%
3.8 The Puppetmaster
68.3%
3.15 The Boiling Rock Part 2
67.7%
2.2 The Cave of Two Lovers
67.5%
2.20 The Crossroads of Destiny
67.3%
2.21 Sozin's Comet Part 4: Avatar Aang
67.3%
3.11 The Day of Black Sun Part 2: The Eclipse
66.1%
2.6 The Blind Bandit
65.5%
2.17 The Ember Island Players
65.3%
2.15 Tales of Ba Sing Se
64.6%
2.20 Sozin's Comet Part 3: Into the Inferno
61.8%
2.19 Sozin's Comet Part 2: The Old Masters
61.2%
1.17 The Northern Air Temple
61%
3.9 Nightmares and Daydreams
60.2%
3.4 Sokka's Master
58.6%
% Correct
1.8 Avatar Roku (Winter Solstice Part 2)
57.6%
2.18 The Earth King
57.2%
2.18 Sozin's Comet Part 1: The Phoenix King
56.6%
2.17 Lake Laogai
56.2%
1.15 Bato of the Water Tribe
54.5%
1.18 The Waterbending Master
54.1%
1.4 The Warriors of Kyoshi
52.1%
1.2 The Avatar Returns
51.7%
3.14 The Boiling Rock Part 1
50.7%
1.6 Imprisoned
48.3%
1.20. The Siege of the North Part 2
47.7%
2.10 The Library
47.7%
1.12 The Storm
44.4%
2.7 Zuko Alone
43.6%
3.1 The Awakening
43.6%
2.16 Appa's Lost Days
42.4%
2.16 The Southern Raiders
42.2%
2.19 The Guru
41.2%
1.7 The Spirit World (Winter Solstice Part 1)
39.6%
2.12 The Serpent's Pass
38.6%
1.9 The Waterbending Scroll
38.4%
2.4 The Swamp
37.4%
1.16 The Deserter
37.2%
2.1 The Avatar State
35.8%
3.12 The Western Air Temple
35.8%
3.2 The Headband
30.5%
1.10 Jet
30.1%
2.5 Avatar Day
29.1%
3.10 The Day of Black Sun Part 1: The Invasion
28.9%
1.14 The Fortuneteller
22%

You're not logged in!

Compare scores with friends on all Sporcle quizzes.
OR
Log In

You Might Also Like...

Show Comments

Extras

Top Quizzes Today


Score Distribution

Your Account Isn't Verified!

In order to create a playlist on Sporcle, you need to verify the email address you used during registration. Go to your Sporcle Settings to finish the process.

Report this User

Report this user for behavior that violates our Community Guidelines.

Details: